00368nam a2200145Ia 45000010005000000080041000050200022000460820019000681000025000872450036001122600024001485900007001729010028001799990015002072573241024s9999 xx 000 0 und d a978-9945-8587-1-6 aRD/370.1/M917i aFausto Mota García 0aINABIMA, un modelo de gestión bUltra Tradingc2008 asi a23/11/2012 3:59:03 p.m. c9311d9311